| 000 | 00789nam a2200217 a 4500 | ||
|---|---|---|---|
| 005 | 20210223130608.0 | ||
| 008 | 080821s1983 mx r 000 0 spa d | ||
| 035 | _aUPN01000159404 | ||
| 049 | _aUNE | ||
| 080 | _a373.3 (53) =20 YOU No.131. | ||
| 100 | 1 | _aYousuf, A. M. | |
| 245 | 1 | 0 |
_aA Basic cycle of learning in the context of "education for all" : _bproposals for action in the Arab Region / _cby A. M. Yousuf. |
| 260 |
_aParís : _bUNESCO ; _aNew York : _bUNICEF, _c1983. |
||
| 300 | _a10 p. | ||
| 440 | 0 |
_aNotes, comments... ; _v131 |
|
| 690 | _aEnseñanza primaria - Acceso a la educacion - Paises Arabes | ||
| 690 | _aDerecho a la educacion - Enseñanza primaria - Paises Arabes | ||
| 710 | 2 |
_aUNICEF _924085 |
|
| 710 | 2 | _aPrograma de Alimentación Mundial | |
| 905 | _aUNESCO | ||
| 999 |
_c131518 _d131518 |
||